000 00598nam a2200229 i 4500
001 bg
100 1 _aPIKOŃ, Andrzej
245 1 0 _aAutoCad 14 dla Windows 95/NT :
_bwersja angielska /
_cAndrzej Pikoń.
260 _aGliwice :
_b"Helion",
_ccop. 1998.
300 _a1170 s. :
_brys., wykr. ;
_c24 cm +
_eCD.
504 _aIndeks.
630 0 9 _aAutoCAD
630 0 9 _aWindows 95
655 _aPodręczniki
020 _a8386718811
040 _cBPK
041 0 _apl
080 _a681.322.06:744](07)
920 _a83-86718-81-1
942 _cKS
008 s pl f |000 0 pol
999 _c32372
_d32372
856 _uhttp://koha.tu.koszalin.pl/cgi-bin/koha/opac-detail.pl?biblionumber=32372
_yKatalog online BPK